Summer Belongs to You! Lyrics - Statistics

General Stats
  • This quiz has been taken 6 times
  • The average score is 32 of 70
Answer Stats
Answer % Correct
It's been a {long}, {long} day
100%
All we need is a {place} to start
50%
(A {lot} that you can do)
50%
And almost turned and {ran} away
50%
And there were {moments} when I doubted
50%
And when it comes around {again}
50%
And you came through: we {made} it
50%
And you've {gotta} believe in something (I believe in something)
50%
Another extraordinary {day}
50%
As just a nuisance and a {bother}
50%
As soon as you {wake} up, you gotta make your move
50%
{Baby}, {baby}, {baby}, {baby}
50%
But we accomplished the {impossible}
50%
But you helped me get my {courage} back
50%
'Cause we're not {mess}ing round
50%
Don't miss the beat, just get into the {groove}
50%
Don't need an invitation; every day is {new}
50%
Don't waste a minute sitting on that {chair}
50%
Having better little {brothers}!
50%
If we have heart, we'll {make} it
50%
I know at first it {seemed} implausible
50%
I know we can really {take} it
50%
I traveled halfway around the {world}
50%
It will change your point of {view}
50%
I've never been so {proud}
50%
Life is full of music so you ought to {dance}
50%
{Never} been so proud...
50%
Now there's something that I've gotta say out {loud}...
50%
Now the {sun} is set on this,
50%
So now I've {got} to say
50%
So today I believe in {you}
50%
Summer belongs to {everyone}, so have some fun
50%
Summer belongs to everyone, so have some {fun}
50%
{Summer} belongs to you!
50%
Summer {belongs} to you! (Summer {belongs} to you)
50%
Summer belongs to {you}! (Summer belongs to {you})
50%
{Summer} belongs to you! ({Summer} belongs to you)
50%
Summer {belongs} to you! (Summer {belongs} to you)
50%
Summer belongs to {you} (Summer belongs to {you})
50%
{Summer} belongs to you ({Summer} belongs to you)
50%
Summer {belongs} to you (Summer {belongs} to you)
50%
Summer belongs to {you} (Summer belongs to {you})
50%
Tell me {what}'cha wanna do today
50%
That though I've often {thought} of you
50%
That we'd ever reach the {point}
50%
There's a world of possibilities outside your {door}
50%
There's nothing {better} to do
50%
There's {nothing} better to do
50%
The sun is {shining}, there's a lot that you can do
50%
The world is {calling}, so get out there
50%
The world's a {stage} and it is time for your debut
50%
{Time} is what you make of it, so take a chance
50%
Today I can't {imagine}
50%
To the limit before the sun goes {down}...
50%
(We're {not} messing around)
50%
We wouldn't say it if it wasn't {true}
50%
Where we could laugh and {sing} about it
50%
Why settle for a {little}? You can get much more
50%
Yes, it's {true}...
50%
Yes it's {true}...
50%
Yes, we can dream it, do it, {build} it, make it
50%
You can see forever. so your dreams are all in {view}
50%
You know I'll {say}
50%
Just remember that you {can} do it and when you're through
0%
Summer belongs to boys and {girls} all around the world
0%
{Summer belongs to you!}
0%
Summer belongs {to} you (Summer belongs {to} you)
0%
Summer {belongs to you} (Summer {belongs to you})
0%
Whatever you do, you make the {rules}
0%
You've got the {tools} to see it through
0%
No matching quizzes found
Score Distribution
Percent of People with Each Score
Percentile by Number Answered
Your Score History
You have not taken this quiz